00635nam a2200181 a 4500003000200000005001700002008004100019050002700060100001500087245005900102260009300161300004600254504004100300650002300341650002600364650002900390650003400419020250306111822.0090707s19uu xx 00 eng d aPGS ML 3833b.K49 2009 aKim, Joey. aMusic preferences and learning motivation /cJoey Kim. aLas Piñas City, Philippines : bSouthville International School and Colleges, c2009. a35 pages : billustrations ; c28 cm.  aIncludes bibliographical references. aMusic preferences. aMusic and motivation. aMotivation in education. aMusicvPsychological aspects.